| 000 | 00375nam a2200145Ia 4500 | ||
|---|---|---|---|
| 008 | 230917s9999||||xx |||||||||||||| ||und|| | ||
| 040 |
_e124263 _aMAIN |
||
| 041 | _aEnglish | ||
| 082 | _a327.101 P871P | ||
| 100 | _aChowdhry, Gupta | ||
| 245 | 0 | _aPower postcolonialism and International relations | |
| 260 |
_aLondon _bRoutledge _c2003 |
||
| 300 | _a324p. p. | ||
| 942 | _cBK | ||
| 999 |
_c147363 _d147363 |
||